| 000 | 00361nam a2200145Ia 4500 | ||
|---|---|---|---|
| 008 | 191201s2008 xx 000 0 und d | ||
| 082 |
_a658.18 _bHII |
||
| 100 | _aHILL,Charles W L | ||
| 245 | 0 | _aInternational Business Competing in the Global Marketplace | |
| 250 | _a6th | ||
| 260 |
_aN.Delhi _bTMH _c2008 |
||
| 300 | _a942 | ||
| 650 | _aMBA | ||
| 942 |
_2ddc _cBK |
||
| 999 |
_c2969 _d2969 |
||